| 000 -LEADER |
| fixed length control field |
00895nam a22002537a 4500 |
| 005 - DATE AND TIME OF LATEST TRANSACTION |
| control field |
20260129135133.0 |
| 008 - FIXED-LENGTH DATA ELEMENTS--GENERAL INFORMATION |
| fixed length control field |
260129b ||||| |||| 00| 0 eng d |
| 020 ## - INTERNATIONAL STANDARD BOOK NUMBER |
| International Standard Book Number |
9781529515800 |
| 040 ## - CATALOGING SOURCE |
| Transcribing agency |
KH8 |
| 082 ## - DEWEY DECIMAL CLASSIFICATION NUMBER |
| Classification number |
823.92 STO |
| 100 ## - MAIN ENTRY--PERSONAL NAME |
| Personal name |
STOWELL,LOUIE |
| Relator term |
AUTHOR |
| 245 ## - TITLE STATEMENT |
| Title |
LOKI |
| Remainder of title |
A BAD GOD'S GUIDE TO MAKING ENEMIES |
| 260 ## - PUBLICATION, DISTRIBUTION, ETC. |
| Place of publication, distribution, etc. |
87 Vauxhall Walk,London SE 11 5HJ |
| Name of publisher, distributor, etc. |
Walker Books Ltd |
| Date of publication, distribution, etc. |
2024 |
| 300 ## - PHYSICAL DESCRIPTION |
| Extent |
267 pages |
| Other physical details |
b illustration |
| Dimensions |
13 cm x 20 cm |
| 520 ## - SUMMARY, ETC. |
| Summary, etc. |
Loki made a fair few enemies during his time in Asgard. Too many to count and certainly too many to remember. When the elf Vinir beams Loki aboard his chariot and challenges him to a magical duel, Loki hasn't got a clue why.-Library Thing- |
| 650 ## - SUBJECT ADDED ENTRY--TOPICAL TERM |
| Topical term or geographic name entry element |
Juvenile Fiction |
| 655 ## - INDEX TERM--GENRE/FORM |
| Genre/form data or focus term |
Fantasy |
| 655 ## - INDEX TERM--GENRE/FORM |
| Genre/form data or focus term |
MYTHICAL |
| 655 ## - INDEX TERM--GENRE/FORM |
| Genre/form data or focus term |
Fables |
| 655 ## - INDEX TERM--GENRE/FORM |
| Genre/form data or focus term |
Norse |
| 655 ## - INDEX TERM--GENRE/FORM |
| Genre/form data or focus term |
Legend |
| 655 ## - INDEX TERM--GENRE/FORM |
| Genre/form data or focus term |
Folklore |
| 942 ## - ADDED ENTRY ELEMENTS (KOHA) |
| Source of classification or shelving scheme |
|
| Koha item type |
Books - Fiction |